1-10 B letter words - Statistics

General Stats
  • This quiz has been taken 32 times
  • The average score is 8 of 10
Answer Stats
Hint Answer % Correct
Vitamin family that Includes niacin and riboflavin B
100%
The study of life sciences Biology
93%
Strips of cured pig meat Bacon
89%
A woman with dark hair Brunette
89%
In proximity to By
82%
A bent throwing club that will return to the thrower Boomerang
79%
One that lives in an apiary Bee
75%
A predilection or prejudice Bias
75%
A chemical that can remove the colour from something Bleach
64%
One who works for an agency specialising in red tape and immutable rules Bureaucrat
39%
No matching quizzes found
Score Distribution
Percent of People with Each Score
Percentile by Number Answered
Your Score History
You have not taken this quiz